|
|
|
|
| LEADER |
00000nas a2200000 a 4500 |
| 001 |
ssj0009041 |
| 003 |
WaSeSS |
| 005 |
20200512172242.0 |
| 006 |
m d |
| 007 |
cr n |
| 008 |
031008c19699999nyufr pss o 0 a0eng c |
| 010 |
|
|
|a 2004235620
|
| 016 |
7 |
|
|a 025203398
|2 DE-101
|
| 016 |
7 |
|
|a 2123133-3
|2 DE-600
|
| 016 |
7 |
|
|a 025203398
|2 de-101
|
| 016 |
7 |
|
|a 21231333
|2 de-600
|
| 022 |
|
|
|a 1553-5630
|l 0044-9202
|y 0044-9202
|
| 035 |
|
|
|a (WaSeSS)ssj0009041
|
| 040 |
|
|
|a EYM
|b eng
|c EYM
|d OCLCQ
|d HLS
|d OCLCQ
|d NSD
|d MUQ
|d OCL
|d NSD
|d OCLCQ
|d GBVCP
|d OCLCF
|d OCL
|d OCLCQ
|d DEBBG
|d GILDS
|d OCLCO
|d NTG
|d AU@
|d VT2
|d NJT
|d WaSeSS
|
| 042 |
|
|
|a pcc
|a nsdp
|
| 043 |
|
|
|a a------
|
| 050 |
1 |
4 |
|a ML1
|
| 082 |
0 |
4 |
|a 780.95
|2 13
|
| 130 |
0 |
|
|a Asian music (Online)
|
| 222 |
|
0 |
|a Asian music
|b (Online)
|
| 245 |
1 |
0 |
|a Asian music
|h [electronic resource] :
|b journal of the Society for Asian Music.
|
| 260 |
|
|
|a New York :
|b Society for Asian Music,
|c ©1969-
|
| 310 |
|
|
|a Semiannual,
|b 1986-
|
| 321 |
|
|
|a Two no. a year (irregular),
|b 1968-1985
|
| 362 |
0 |
|
|a Vol. 1, no. 1 (winter 1968/1969)-
|
| 500 |
|
|
|a Title from title screen (JSTOR, viewed Oct. 8, 2003).
|
| 506 |
|
|
|a License restrictions may limit access.
|
| 538 |
|
|
|a Mode of access: World Wide Web.
|
| 650 |
|
0 |
|a Music
|z Asia
|v Periodicals.
|
| 650 |
|
6 |
|a Musique
|z Asie
|v Périodiques.
|
| 650 |
|
7 |
|a Music
|2 fast
|0 (OCoLC)fst01030269
|
| 651 |
|
7 |
|a Asia.
|2 fast
|0 (OCoLC)fst01240495
|
| 655 |
|
0 |
|a Electronic journals.
|
| 710 |
2 |
|
|a Society for Asian Music.
|
| 776 |
1 |
|
|t Asian music
|x 0044-9202
|w (DLC) 72621878
|w (OCoLC)1748126
|
| 856 |
4 |
0 |
|z Full text available from Research Library: 09/01/2002 to 1 year ago
|u https://search.proquest.com/publication/26617
|